Представление документа в формате RUSMARC

ПолеНазваниеЗначение
  Тип записи a
  Библиографический уровень a
001 Контрольный номер RU/CBS_UL/BASE/562985992
005 Дата корректировки 20240209175218.0
100 Данные общей обработки __
a Данные общей обработки 20171103d2017 ||| 0rusy0189 ca
101 Язык документа 0_
a Язык текста rus
102 Страна публикации __
a Страна публикации RU
105 Кодированные данные (монография) __
a Кодированные данные (монография) y###||||000|y
200 Заглавие и сведения об ответственности 1_
a Заглавие Графические фрески Чекрыгина
b Общее обозначение материала Текст
e Сведения, относящиеся к заглавию [о творчестве русского живописца и графика В.Н. Чекрыгина]
f Первые сведения об ответственности Н. Иванов
300 Общие примечания __
a Общие примечания Ограничения по возрасту - 6+
461 Уровень набора _0
1 2000
a Юный художник
463 Уровень физической единицы _0
1 001RU/CBS_UL/BASE/560370619
1 2000
a № 9
v С. 34-38 : ил.
1 210
d 2017
600 Персоналии _0
a Персоналии (Фамилия) Чекрыгин
b Персоналии (Имя, инициалы) В.Н.
600 Персоналии _0
a Персоналии (Фамилия) Федоров
b Персоналии (Имя, инициалы) Н.Ф.
606 Тематические рубрики 0_
a Основная рубрика Чекрыгин, Василий Николаевич (1897 - 1922)
610 Ключевые слова 0_
a Ключевые слова изобразительное искусство
a Ключевые слова живопись
a Ключевые слова живопись русская
a Ключевые слова графика
a Ключевые слова художники
a Ключевые слова художники русские
a Ключевые слова графики
a Ключевые слова художники-графики
a Ключевые слова фрески графические
a Ключевые слова филосовские теории
a Ключевые слова теории филосовские
686 Индексы других классификаций __
a Классификационный индекс 85.143(2)1
2 Код системы ББК
700 Автор _1
a Фамилия Иванов
b Имя (инициалы) Н.
801 Источник записи _0
a Страна RU
b Организация МБУК ЦБС г. Ульяновска
c Дата составления 20171103
g Правила каталогизации RCR
801 Источник записи _1
a Страна RU
b Организация МБУК ЦБС г. Ульяновска
c Дата составления 20171103
g Правила каталогизации RCR
901 Тип документа __
t Тип документа b
w Контрольный № источника RU/CBS_UL/BASE/560370619
910 Корректоры записи __
a Корректор записи Библиотека 1
938 Служебная информация __
a Имя БД period